000 00530cam a2200169 4500500
005 20260405002018.0
041 _afre
042 _adc
100 1 0 _aLequin, Mathilde
_eauthor
245 0 0 _aRoland Barthes. L’œuvre
260 _c2015.
500 _a54
690 _aBarthes
690 _aFragments d’un discours amoureux
786 0 _nPhilosophie magazine | 91 | 8 | 2015-07-01 | p. 46-46 | 1951-1787
856 4 1 _uhttps://shs.cairn.info/magazine-philosophie-magazine-2015-8-page-46?lang=fr&redirect-ssocas=7080
999 _c2053296
_d2053296